| 000 | 01216nam a22002297a 4500 | ||
|---|---|---|---|
| 008 | 100712s2000 ua|||||r|||| 000 0 ara d | ||
| 082 |
_222 _a355.00820973 _bن س ا |
||
| 100 |
_916185 _aآديس، إيليزابيتا |
||
| 245 |
_aنساء مقاتلات : _bالصور والحقائق / _cتحرير إيليزابيتا آديس، فاليريا إى روسو، لورينزا سيبيستا ؛ ترجمة توفيق علي منصور |
||
| 260 |
_aالقاهرة: _bالمجلس الأعلى للثقافة، 2000 _c2000 |
||
| 300 |
_a221 ص ؛ _c24 سم |
||
| 504 | _aببليوجرافية: ص 109-217 | ||
| 541 |
_aألف باء ؛ _cشراء ؛ |
||
| 650 |
_916198 _aالمرأة كجندية |
||
| 650 |
_916199 _aالمرأة الأمريكية |
||
| 700 |
_916185 _aآديس، إيليزابيتا _eمحرر |
||
| 700 |
_916186 _aإي روسو، فاليريا _eمحرر |
||
| 700 |
_916187 _aسيبيستا، لورينزا _eمحرر |
||
| 700 |
_916194 _aمنصور، توفيق علي _eمترجم |
||
| 942 |
_2ddc _cBB |
||
| 999 |
_c14461 _d14461 |
||